| 000 | 01281cam a22003618a 4500 | ||
|---|---|---|---|
| 001 | 16419444 | ||
| 003 | EG-ScBUE | ||
| 005 | 20220214101709.0 | ||
| 008 | 100816s2010 enk f 000 1 eng d | ||
| 020 | _a0330456792 | ||
| 020 | _a9780330456791 | ||
| 040 |
_aDLC _beng _erda _cDLC _dEG-ScBUE |
||
| 043 | _ae-uk-en | ||
| 082 | 0 | 4 |
_a823.914 _222 _bJAM |
| 100 | 1 |
_aJames, Peter, _d1948- _eauthor. _921783 |
|
| 245 | 1 | 0 |
_aDead like you / _cPeter James. |
| 264 | 1 |
_aLondon : _bPan Books, _c2010. |
|
| 300 |
_a647 pages ; _c25 cm. |
||
| 336 |
_2rdacontent _atext _btxt |
||
| 337 |
_2rdamedia _aunmediated _bn |
||
| 338 |
_2rdacarrier _avolume _bnc |
||
| 490 | 0 | _aThe Roy Grace Series | |
| 650 | 7 |
_aGrace, Roy (Fictitious character) _vFiction. _921784 _2BUEsh |
|
| 650 | 7 |
_aPolice _zBrighton (England) _vFiction. _921785 _2BUEsh |
|
| 650 | 7 |
_aWomen _xCrimes against _vFiction. _921786 _2BUEsh |
|
| 650 | 7 |
_aRapists _vFiction. _921787 _2BUEsh |
|
| 651 | _2BUEsh | ||
| 653 |
_bHHUUEENN _cFebruary2022 |
||
| 655 |
_vReading book _934232 |
||
| 942 |
_2ddc _cBB |
||
| 999 |
_c14889 _d14889 |
||